000 00366nam a2200157Ia 4500
008 100122s9999 xx 000 0 und d
082 _b67254
_aBM823.08
100 _aBLYTON ENID
245 _aFIVE GO OFF TO CAMP
250 _a0
260 _bKNIGFT
_c1974
300 _a184
630 _aFIVE GO OFF TO CAMP
730 _aFIVE GO OFF TO CAMP
942 _cBOOK
999 _c380847
_d380844